banner-ar

INTERPRETEZ L'ECRITURE DE VOTRE ENFANT / (Record no. 23245)

MARC details
000 -الفاتح
حقل البيانات ثابتة الطول 00499nam a2200193Ia 4500
008 - عناصر البيانات ثابتة الطول - معلومات عامة
حقل البيانات ثابتة الطول 140319s9999 xx 000 0 eng d
040 ## - مصدر الفهرسة
وكالة الفهرسة الأصلية GCL /
وكالة النسخ GCL
082 04 - رقم تصنيف ديوى العشرى
رقم التصنيف 305.23
رقم المادة B I
100 1# - المدخل الرئيسى - إسم شخصى
الإسم الشخصى BESSON, JACQUELINE
245 10 - بيان العنوان
العنوان INTERPRETEZ L'ECRITURE DE VOTRE ENFANT /
بيان المسئوليه,etc BESSON, JACQUELINE
490 ## - بيان السلسلة
عنوان السلسلة MARABOUT
رقم المجلد/ التعيين التسلسلي 0
650 04 - المدخل الاضافى بالموضوع-مصطلح موضوعى
مصطلح موضوعي CHILDREN
650 04 - المدخل الاضافى بالموضوع-مصطلح موضوعى
مصطلح موضوعي CHILDHOOD
650 04 - المدخل الاضافى بالموضوع-مصطلح موضوعى
مصطلح موضوعي CHILDREANING
650 04 - المدخل الاضافى بالموضوع-مصطلح موضوعى
مصطلح موضوعي CHILD STUDY
942 ## - عناصر المدخل الإضافي( كوها)
مصدر التصنيف او مخطط الترفيف Dewey Decimal Classification
Koha [default] item type كتاب
260 ## - PUBLICATION, DISTRIBUTION, ETC. (IMPRINT)
-- [S.N] :
-- MARABOUT UNIVERSITE
Holdings
حالة التراجع حالة الفقد حالة تلف ليس للاعارة المكان المؤقت الموقع الحالى تاريخ الاكتساب اجمالي اﻻعارات رقم الطلب الباركود تاريخ اخر مشاهدة تاريخ تفعيل السعر نوع وعاء كوها
        مكتبة القاهرة الكبرى مكتبة القاهرة الكبرى 03/26/2014   305.23\B I 41617 03/26/2014 03/26/2014 كتاب

Powered By

EGPV